| 000 | 00737nam a2200241 a 4500 | ||
|---|---|---|---|
| 001 | 80709 | ||
| 003 | BD-RjUL | ||
| 005 | 20221103143055.0 | ||
| 008 | 221103s1985 ru ||||| |||| 00| 0 eng d | ||
| 035 | _a(BD-RjUL)80709 | ||
| 040 |
_aBD-RjUL _beng _cBD-RjUL |
||
| 041 | _aeng | ||
| 082 |
_223 _a303.66083 _bWHA 1985 |
||
| 245 |
_aWhat peace means to young people / _cComplied by Marina Stulova, Valery Yenin; general editor Stanislav Ilyin. |
||
| 260 |
_aMoscow, _bNovosti Press Agency Pub. House, _c1985 |
||
| 300 |
_a126 pages: _bill.; _c17 cm. |
||
| 650 | _aYouth | ||
| 650 |
_aYouth and peace _95700 |
||
| 700 |
_aStulova, Marina _95701 |
||
| 700 |
_aYenin, Valery _95702 |
||
| 700 |
_aIlyin, Stanislav _95703 |
||
| 942 |
_2ddc _cBK |
||
| 999 |
_c80709 _d80709 |
||